| 000 | | | 04349nac2a22003011x 450 |
| 001 | | | f56e0225-8acb-4cae-8212-2a6feabbe521 |
| 005 | | | 20160321210333.0 |
| 100 | ## | $a | 20160114l1920 k y0rusy50 ca |
| 101 | 0# | $a | rus |
| 102 | ## | $a | RU |
| 105 | ## | $a | y z ||||| |
| 122 | 0# | $a | d19200525 |
| 200 | 1# | $a | Протокол № 480 заседания Малого Совета Народных Комиссаров от 25 мая 1920 года и материалы к протоколу. Фотокопия и копия. (Подлинник за подписью В. И. Ленина) |
| | $j | 25 мая 1920 |
| 215 | ## | $a | 73 листа |
| 251 | ## | $c | Дело |
| 300 | ## | $a | Заголовок дела на папке: Протокол № 480 заседания Малого Совета Народных Комиссаров от 25 мая 1920 года и материалы к протоколу. (Подлинник) |
| 300 | ## | $a | Листы: 17, 25, 27, 38, 47 - красные чернила |
| 300 | ## | $a | Рукописный и машинописный текст |
| 324 | ## | $a | В деле имеются фотокопия и копия протокола и копии отдельных документов |
| 330 | ## | $a | Входит в раздел описи: Протоколы Малого Совета Народных Комиссаров. 1920 год |
| 461 | #0 | $1 | 001ad6baeac-e292-4829-90d1-2f4f65796a62 |
| | $1 | 2001 |
| | $a | СОВЕТ НАРОДНЫХ КОМИССАРОВ РСФСР (СНК РСФСР) |
| | $1 | 251 |
| | $c | Фонд |
| | $1 | 852 |
| | $j | 130 |
| | $g | Р |
| 462 | #0 | $1 | 0017393eac8-aea5-4181-b014-0a5beab45138 |
| | $1 | 2001 |
| | $a | 1920 г. |
| | $v | Д. 696 |
| | $1 | 251 |
| | $c | Опись |
| | $1 | 852 |
| | $j | 4 |
| 517 | 1# | $a | Протокол № 480 заседания Малого Совета Народных Комиссаров от 25 мая 1920 года и материалы к протоколу. (Подлинник) |
| 600 | #1 | $a | Ленин |
| | $b | В. И. |
| | $f | 1870-1924 |
| | $g | Владимир Ильич |
| 601 | 01 | $3 | RU\NLR\AUTH\661074810 |
| | $a | РСФСР |
| | $b | Совет Народных Комиссаров |
| 801 | #0 | $a | RU |
| | $b | GA_RF |
| 801 | #1 | $a | RU |
| | $b | НПО Опыт |
| | $c | 20160114 |
| | $2 | rusmarc |
| 801 | #2 | $a | RU |
| | $b | ПБ им. Б.Н. Ельцина |
| | $c | 20160321 |
| | $g | RCR |
| | $2 | rusmarc |
| 852 | ## | $a | ГА РФ |
| | $j | 696 |
| 937 | ## | $d | 68580881 |
| | $h | ПБ |
| 035 | ## | $a | RuPRLIB51036410 |